Statistiques concernant Armes de Surviv.io

Cliquez ici pour prendre le quiz!

Statistiques générales

  • Ce quiz a été pris 57 fois
    (13 depuis la dernière actualisation)
  • Le résultat moyen est 34 sur 83

Statistiques - réponses

Arme % Correct
SPAS-12
78%
M9
78%
M870
78%
PKP Pecheneg
67%
AK-47
67%
MP5
67%
Saiga-12
67%
UMP9
67%
M1100
67%
MP220
67%
MAC-10
56%
Vector
56%
OT-38
56%
Potato
56%
SV-98
56%
Smoke Grenade
56%
G18C
56%
Frag Grenade
56%
M249
56%
DEagle 50
56%
FAMAS
56%
Potato Cannon
56%
Peacemaker
56%
AWM-S
56%
Katana
56%
OTs-38
56%
Spud Gun
44%
USAS-12
44%
Mk 20 SSR
44%
M1 Garand
44%
QBB-97
44%
Scout Elite
44%
Mk 12 SPR
44%
M39 EMR
44%
M4A1-S
44%
Mosin-Nagant
44%
M416
44%
PKM
44%
Super 90
44%
Naginata
44%
Bonesaw
44%
CZ-3A1
44%
P30L
44%
Wood Axe
44%
MIRV Grenade
44%
BLR-81
33%
SVD-63
33%
AN-94
33%
Groza-S
33%
Groza
33%
Flare Gun
33%
BAR M1918
33%
M1911
33%
Karambit
33%
M93R
33%
Hawk 12G
33%
L86A2
22%
Huntsman
22%
M1A1
22%
Bayonet
22%
Bowie
22%
Fire Axe
22%
VSS
22%
War Hammer
22%
Hook
22%
SCAR-H
22%
Knuckles
22%
Strobe
22%
DP-28
22%
Pan
22%
Snowball
22%
Crowbar
22%
Kukri
22%
Machete
22%
Stone Hammer
22%
Fists
22%
Spade
11%
Model 94
11%
Mk45G
11%
M9 Cursed
11%
Bugle
11%
Ice Pick
11%

Distribution des résultats

Percentile par nombre de réponses

% des personnes avec chaque résultat

Votre développement - résultats

Vous n’avez pas pris ce quiz depuis la dernière actualisation